Aplikovaná etika v súčasnosti a možnosti etickej expertízy

Bibliographic Details
Main Author: Fobel, Pavel, 1953-2023 (Author)
Format: Article
Language:Slovak
ISBN:9788055702179
Subjects:

MARC

LEADER 00000naa a2200000 a 4500
001 vtls011854526
003 SK-MaSNL
005 20260302140856.0
008 210910|2011 xo |||||||||||||||||slo|
015 |a SNBCL 
035 |a (urnnbn)urn:nbn:sk:snk:ar-a0az19 
035 |a urn:nbn:sk:snk-aaw8pz 
035 |a (uuid)9c5e9ec3-ad00-4c3d-9636-0466680ee0b6 
040 |a SNKBUCL  |b slo  |c SNKBUCL  |e AACR2 
041 |a slo 
044 |a xo  |c SK 
100 1 |a Fobel, Pavel,  |d 1953-2023  |4 aut  |9 135482 
245 1 0 |a Aplikovaná etika v súčasnosti a možnosti etickej expertízy  |c Pavel Fobel 
246 3 |a Applied Ethics Today and Possibility of Ethical Expertise 
655 7 |a články zo zborníkov  |2 snkbucl  |9 166140 
773 0 |t Aplikovaná etika a profesionálna prax  |d Banská Bystrica : Univerzita Mateja Bela, Fakulta humanitných vied, 2011  |g S. 11-21  |z 9788055702179 
958 |a OND 
958 |a article26 
958 |a chapter 
999 |c 1332913  |d 1334843